Hunger Games--Cause of Death (IN ORDER) Book One - Statistics

General Stats
  • This quiz has been taken 330 times
  • The average score is 13 of 27
Answer Stats
Hint Answer % Correct
Spear Thrown into stomach by Marvel. Before she died she asked Katniss to sing to her. Later, after her death, Katniss laid flowers on her. Rue
84%
While holding Peeta in a headlock on the Cornucopia, he told Katniss that she couldn't shoot him without Peeta falling along with him to the mercy of the wolf-mutts. Katniss then shot him in the hand, causing him to lose his grip on Peeta and fall. He was then mauled by the wolves until Katniss shot him with an arrow, ending his misery. Cato
83%
Stung to death by tracker jackers. Glimmer
82%
Head smashed by muscular District 11 Tribute with a rock because muscular District 11 Tribute thought she killed young and loved Tribute. Clove
80%
Stole nightlock berries from Peeta's cave that Peeta had accidentally collected. When she ate them, she was dead within seconds. Foxface
80%
Killed by Cato for killing Clove. Thresh
80%
Shot in chest by Katniss with arrow for killing a young and loved Tribute. Marvel
76%
Locked in a room containing only a bowl of nightlock berries, as his punishment for allowing Katniss and Peeta to live. He presumably committed suicide with the berries rather than starve to death, as he is dead by Catching Fire. Seneca Crane
67%
(NOT KILLED) Names of two VICTORS of the 74th Annual Hunger Games. Katniss Everdeen and Peeta Mellark
62%
Killed in a mine explosion. Mr. Everdeen
59%
Killed in mine explosion. Mr. Hawthorne
40%
Neck snapped by Cato after Katniss blow up the Careers' food supply. (NA) District 3 male
33%
Died from poisoning after being stung by tracker jackers. (NA) District 4 female
33%
Killed by Glimmer offscreen in the Cornucopia Bloodbath. (NA) District 5 male
33%
Stabbed repeatedly by Glimmer in the Cornucopia Bloodbath. (NA) District 6 female
33%
Face sliced by Thresh in the Cornucopia Bloodbath. (NA) District 7 male
33%
Knife thrown into back by Clove in the Cornucopia Bloodbath. (NA) District 9 male
33%
Stabbed repeatedly by Glimmer offscreen during the Cornucopia Bloodbath. (NA) District 10 female
32%
Presumably killed by the Careers. (NA) District 10 male
32%
Slashed across the forehead by the District 5 boy in the Cornucopia Bloodbath. (NA) District 3 female
32%
Throat slit by Cato in the Cornucopia Bloodbath. (NA) District 4 male
32%
Impaled by Marvel with a spear offscreen in the Cornucopia Bloodbath. (NA) District 7 female
32%
Stabbed by Cato and finished off by Peeta. (NA) District 8 female
32%
Throat slit by Marvel in the Cornucopia Bloodbath. (NA) District 8 male
32%
Presumably killed by one of the Careers in the Cornucopia Bloodbath. (NA) District 9 female
32%
Head smashed against a supply crate multiple times by Cato in the Cornucopia Bloodbath. Jason
11%
Speared by the Capitol. Lavinia's brother
3%
No matching quizzes found
Score Distribution
Percent of People with Each Score
Percentile by Number Answered
Your Score History
You have not taken this quiz